Where Does The Map Belong - Statistics

General Stats
  • This quiz has been taken 37 times
  • The average score is 9 of 15
Answer Stats
Question Answer % Correct
Lunacy War Games
89%
St. Marc War Games
89%
Mirage Defusal Group Delta
78%
Office Hostage Group
78%
Safehouse War Games
78%
Nuke Defusal Group Delta
67%
Overpass Defusal Group Delta
56%
Italy Hostage Group
56%
Lake War Games
56%
Inferno Defusal Group Delta
44%
Cobblestone Defusal Group Sigma
44%
Cache Defusal Group Sigma
44%
Vertigo Defusal Group Sigma
33%
Militia Hostage Group
33%
Assault Hostage Group
33%
No matching quizzes found
Score Distribution
Percent of People with Each Score
Percentile by Number Answered
Your Score History
You have not taken this quiz